Placements de la Belgique aux Championnats d'Europe - Statistiques

Statistiques générales
  • Ce quiz a été pris 31 fois
  • Le résultat moyen est 4 sur 7
Statistiques - réponses
Hint Réponse % Correct
2024 Huitièmes de finale
68%
2000 Phase de groupes
68%
1980 Deuxième place
64%
2016 Quarts de finale
59%
2020 Quarts de finale
59%
1984 Phase de groupes
41%
1972 Troisième place
14%
Aucun quiz correspondant
Distribution des résultats
% des personnes avec chaque résultat
Percentile par nombre de réponses
Votre historique - résultats
Vous n’avez pas pris ce quiz